01263nam a22003377a 4500999001700000003000900017005001700026008004100043020001800084040004300102082001900145100002600164245012500190264004100315300004500356336002600401337002800427338002700455490003500482500002300517500002300540500002000563650003400583653002500617655002400642700002700666700003200693710003600725942001200761952015200773 c28113d28084EG-ScBUE20200216112837.0200216s2016 ii a f d 001 0 eng d a9789350045091 aEG-ScBUEbengerdacEG-ScBUEdEG-ScBUE04a658.5bJAI2221 aJain, C. K.,eauthor.10aProduction and operations management /cProf. K. C. Jain, Dr. P. L. Verma, Mr. Probhat Kartikey ; DT Editorial Services. 1aNew Delhi :bDreamtech Press,c2016. axx, 455 pages :billustrations ;c27 cm. 2rdacontentatextbtxt 2rdamediaaunmediatedbn 2rdacarrieravolumebnc0 aDreamtech management textbooks aIncludes appendix. aIncludes glossary. aIncludes index. 7aProduction management.2BUEsh bENGGENcFebruary2020 vReading book9342321 aVerma, L. P.,eauthor.1 aKartikey, Prabhat,eauthor.2 aDT Editorial Services,eeditor. 2ddccBB 00102ddc40708BaccahaMAINbMAINc1STd2020-02-16ePurchaseg429.00h34027l0o658.5 JAIp000048677r2025-07-15 00:00:00v536.25w2020-02-16yBB